00732 2200265 4500001002100000005001700021008004100038020001800079035002400097082001300121090002000134100002200154245008300176250001100259260003000270300003000300500002700330500001100357650003600368850001500404980001100419985000600430999001500436999001500451YOGYA-0209000000493520090227020749.0 ind  a979-552-078-4 0010-020900000004935 a001.6424 a001.6424bWij K aWIJELA, Michael R aKursus kilat 24 jurus word perfect for windowscdisusun oleh Michael R. Wijela aCet. 1 aJakartabDinastindoc1993 axii, 134 hlmbilusc21 cm aBibliografi : hlm. 128 aIndeks aWord perfect (Program komputer) aYOPDYOG(B) a190505 a2 a95P0070245 a95P0070246